[Event "Bogota El Tablazo op"]
[Site "Bogota"]
[Date "2021.11.07"]
[Round "7"]
[White "Lopez Ramirez, Jorge Hernan"]
[Black "Nino, Jesus Camilo"]
[Result "0-1"]
[WhiteElo "1917"]
[BlackElo "1561"]
[PlyCount "142"]
[EventDate "2021.11.04"]
[EventType "swiss"]
[EventRounds "7"]
[EventCountry "COL"]
[SourceTitle "CBM 205 Extra"]
[Source "ChessBase"]
[SourceDate "2022.01.31"]
[SourceVersion "1"]
[SourceVersionDate "2022.01.31"]
[SourceQuality "1"]

1. e4 e6 2. d4 d5 3. Nd2 c5 4. c3 Nc6 5. Ngf3 cxd4 6. cxd4 Qb6 7. a3 Bd7 8. exd5 Nxd4 9. Nxd4 Qxd4 10. dxe6 Bxe6 11. Bb5+ Bd7 12. Qe2+ Be7 13. Nf3 Bxb5 14. Qxb5+ Qd7 15. Qe2 Nf6 16. Ne5 Qe6 17. 0-0 0-0 18. Re1 Rfe8 19. Bg5 Bd6 20. f4 Nd7 21. Qb5 Nxe5 22. fxe5 Bxe5 23. Be3 Re7 24. Rad1 f6 25. Bc5 Rc7 26. Bd6 Bd4+ 27. Kh1 Qxd6 28. h3 Rd7 29. Re4 Qc7 30. Qb3+ Kf8 31. Rexd4 Rxd4 32. Rxd4 Re8 33. Qb4+ Qe7 34. Kg1 Qxb4 35. Rxb4 Re7 36. Kf2 Kf7 37. Kf3 h5 38. a4 f5 39. g4 hxg4+ 40. hxg4 fxg4+ 41. Kxg4 b6 42. a5 Re6 43. axb6 axb6 44. Rf4+ Ke7 45. b4 Kd6 46. Rd4+ Kc6 47. Kf3 Kb5 48. Rg4 g6 49. Rd4 Ka4 50. Rc4 Kb3 51. Rg4 b5 52. Kf2 Kc3 53. Rh4 Kd3 54. Rg4 Re4 55. Rg3+ Kc4 56. Kf3 Rd4 57. Rxg6 Kxb4 58. Ke3 Rd8 59. Rc6 Kb3 60. Ke2 b4 61. Rc7 Kb2 62. Rc6 b3 63. Rb6 Ka2 64. Ra6+ Kb1 65. Rb6 b2 66. Rb5 Rd4 67. Ke3 Ra4 68. Kd2 Ka1 69. Kc2 Ra2 70. Kd2 Kb1 71. Kd3 Ra4 0-1

[Event "Bogota El Tablazo op"]
[Site "Bogota"]
[Date "2021.11.05"]
[Round "3"]
[White "Garcia, Juan Manuel"]
[Black "Nino, Jesus Camilo"]
[Result "1/2-1/2"]
[WhiteElo "1904"]
[BlackElo "1561"]
[PlyCount "125"]
[EventDate "2021.11.04"]
[EventType "swiss"]
[EventRounds "7"]
[EventCountry "COL"]
[SourceTitle "CBM 205 Extra"]
[Source "ChessBase"]
[SourceDate "2022.01.31"]
[SourceVersion "1"]
[SourceVersionDate "2022.01.31"]
[SourceQuality "1"]

1. e4 c5 2. Nf3 d6 3. d4 cxd4 4. c3 dxc3 5. Nxc3 Nc6 6. Bc4 Na5 7. Qa4+ Bd7 8. Bb5 Nc6 9. 0-0 a6 10. Be2 Nf6 11. Qb3 b5 12. a3 Rc8 13. Bf4 Be6 14. Qc2 Na5 15. Rac1 Qb6 16. Ng5 Bd7 17. b4 Nc4 18. Qa2 h6 19. Bxc4 Rxc4 20. Nf3 Nxe4 21. Nxe4 Rxe4 22. Be3 Qb7 23. Rc3 Be6 24. Qc2 Rc4 25. Nd2 Rxc3 26. Qxc3 Bd5 27. Rc1 Bxg2 28. f3 Bh3 29. Qc6+ Qxc6 30. Rxc6 g5 31. Rxa6 e5 32. Ne4 Be6 33. Nxd6+ Bxd6 34. Ra8+ Kd7 35. Rxh8 g4 36. fxg4 Bxg4 37. Rxh6 Be6 38. h4 e4 39. Rh5 f5 40. Bc5 Bf4 41. Rh7+ Kc6 42. Kf2 Bc1 43. h5 f4 44. Re7 Kd5 45. h6 e3+ 46. Kf3 e2 47. Kxe2 f3+ 48. Kxf3 Bxh6 49. Be3 Bf8 50. Rb7 Kc4 51. Rc7+ Kb3 52. Bc1 Bc4 53. Ke4 Kc2 54. Be3 Kb2 55. Ra7 Kb3 56. Kd4 Be2 57. Kd5 Bc4+ 58. Kc6 Be2 59. Bc5 Bh6 60. Rh7 Bc1 61. Rh3+ Ka4 62. Bd4 Bxa3 63. Rxa3+ 1/2-1/2

[Event "COL-ch sf"]
[Site "Bogota"]
[Date "2020.11.15"]
[Round "6"]
[White "Nino, Jesus Camilo"]
[Black "Hernandez, Gonzalo"]
[Result "0-1"]
[WhiteElo "1530"]
[BlackElo "2000"]
[PlyCount "35"]
[EventDate "2020.11.12"]
[EventType "swiss"]
[EventRounds "8"]
[EventCountry "COL"]
[SourceTitle "CBM 199 Extra"]
[Source "ChessBase"]
[SourceDate "2021.01.31"]
[SourceVersion "1"]
[SourceVersionDate "2021.01.31"]
[SourceQuality "1"]

1. e4 c5 2. Nf3 d6 3. d4 cxd4 4. Nxd4 Nf6 5. Nc3 g6 6. Be3 Bg7 7. f3 Nc6 8. Bc4 Bd7 9. Bb3 Na5 10. Qd2 Rc8 11. h4 h5 12. Bg5 a6 13. a3 Nc4 14. Bxc4 Rxc4 15. Qd3 b5 16. Nde2 0-0 17. Rd1 Nh7 18. Bf4 0-1

[Event "COL-ch sf3 U18"]
[Site "Bogota"]
[Date "2019.06.09"]
[Round "6.8"]
[White "Guevara Rincon, Cristian Camilo"]
[Black "Nino, Jesus Camilo"]
[Result "1/2-1/2"]
[WhiteElo "1689"]
[BlackElo "1506"]
[PlyCount "35"]
[EventDate "2019.06.06"]
[EventType "swiss"]
[EventRounds "6"]
[EventCountry "COL"]
[SourceTitle "EXT 2024"]
[Source "ChessBase"]
[SourceDate "2023.10.10"]
[SourceVersion "1"]
[SourceVersionDate "2023.10.10"]
[SourceQuality "1"]

1. e4 e5 2. Nf3 Nc6 3. d4 exd4 4. Nxd4 Bc5 5. Nxc6 Qf6 6. Qd2 Qxc6 7. Nc3 Nf6 8. Bd3 Bb4 9. 0-0 0-0 10. e5 Nd5 11. Be4 Bxc3 12. bxc3 Qxc3 13. Qxd5 Qxa1 14. Ba3 Qc3 15. Bxh7+ Kxh7 16. Bxf8 Kg8 17. Qc5 Qxc5 18. Bxc5 1/2-1/2

[Event "COL-ch sf3 U18"]
[Site "Bogota"]
[Date "2019.06.07"]
[Round "3.11"]
[White "Sanchez Arevalo, David Fernando"]
[Black "Nino, Jesus Camilo"]
[Result "1/2-1/2"]
[WhiteElo "1504"]
[BlackElo "1506"]
[PlyCount "37"]
[EventDate "2019.06.06"]
[EventType "swiss"]
[EventRounds "6"]
[EventCountry "COL"]
[SourceTitle "EXT 2024"]
[Source "ChessBase"]
[SourceDate "2023.10.10"]
[SourceVersion "1"]
[SourceVersionDate "2023.10.10"]
[SourceQuality "1"]

1. e4 e6 2. d4 d5 3. Nc3 Bb4 4. e5 c5 5. a3 Ba5 6. Be3 cxd4 7. Bxd4 Nc6 8. f4 Nge7 9. Nf3 Bd7 10. Be2 Nf5 11. Qd3 a6 12. Bf2 Bxc3+ 13. bxc3 Qa5 14. 0-0 Rc8 15. g4 Nfe7 16. Rab1 b5 17. Bc5 Nxe5 18. fxe5 Rxc5 19. Rb3 1/2-1/2

[Event "Bogota AlphaZero op"]
[Site "Bogota"]
[Date "2018.08.19"]
[Round "5"]
[White "Nino, Jesus Camilo"]
[Black "Malagon Guzman, Juan Daniel"]
[Result "1-0"]
[WhiteElo "1505"]
[BlackElo "1101"]
[PlyCount "68"]
[EventDate "2018.08.17"]
[EventType "swiss"]
[EventRounds "7"]
[EventCountry "COL"]
[SourceTitle "CBM 186 Extra"]
[Source "ChessBase"]
[SourceDate "2018.08.24"]
[SourceVersion "1"]
[SourceVersionDate "2018.08.24"]
[SourceQuality "1"]

1. e4 e6 2. d4 d5 3. Nd2 c5 4. Ne2 Qb6 5. c3 Nc6 6. exd5 exd5 7. Nf3 Nf6 8. Ng3 Bd6 9. Bd3 Be6 10. 0-0 0-0 11. Rb1 Rfe8 12. Bg5 Be7 13. Be3 c4 14. Bc2 Rad8 15. Ng5 Bg4 16. Bxh7+ Nxh7 17. Qxg4 Nxg5 18. Bxg5 Bxg5 19. Qxg5 Ne7 20. Rfe1 Ng6 21. Rxe8+ Rxe8 22. Qxd5 Qa6 23. a3 b6 24. Qg5 Qa4 25. h4 Qc2 26. Qf5 Qb3 27. h5 Ne7 28. Qd7 Kf8 29. Nf5 Nxf5 30. Qxf5 Re2 31. Qc8+ Re8 32. Qf5 Re2 33. d5 Qc2 34. Qxc2 Rxc2 1-0

[Event "Bogota sf2 U16"]
[Site "Bogota"]
[Date "2018.03.31"]
[Round "5.7"]
[White "Diaz, Diego Alejandro"]
[Black "Nino, Jesus Camilo"]
[Result "1-0"]
[WhiteElo "1565"]
[BlackElo "1397"]
[PlyCount "73"]
[EventDate "2018.03.29"]
[EventType "swiss"]
[EventRounds "6"]
[EventCountry "COL"]
[SourceTitle "EXT 2024"]
[Source "ChessBase"]
[SourceDate "2023.10.10"]
[SourceVersion "1"]
[SourceVersionDate "2023.10.10"]
[SourceQuality "1"]

1. e4 c5 2. d4 cxd4 3. c3 dxc3 4. Nxc3 Nc6 5. Nf3 d6 6. Bc4 Nf6 7. 0-0 e6 8. Qe2 Be7 9. Rd1 Bd7 10. e5 dxe5 11. Nxe5 Nxe5 12. Qxe5 Rc8 13. Bb3 Qc7 14. Qe2 0-0 15. Be3 a6 16. Rac1 Bc6 17. Bd4 Qf4 18. Be5 Qg5 19. f3 Bc5+ 20. Kh1 Be3 21. Bxf6 gxf6 22. Rb1 Rfd8 23. Ne4 Qh6 24. Nxf6+ Qxf6 25. Qxe3 Rxd1+ 26. Rxd1 Qxb2 27. h3 Qf6 28. Rd4 Kh8 29. Rf4 Qg7 30. Qc5 Bd7 31. Qe7 Rg8 32. Rg4 Qa1+ 33. Kh2 Rxg4 34. hxg4 Qe5+ 35. Kh3 Qg7 36. Qd8+ Qg8 37. Qxd7 1-0

[Event "Bogota sf2 U16"]
[Site "Bogota"]
[Date "2018.03.29"]
[Round "2.11"]
[White "Fitzgerald, Daniela"]
[Black "Nino, Jesus Camilo"]
[Result "0-1"]
[WhiteElo "1557"]
[BlackElo "1397"]
[PlyCount "110"]
[EventDate "2018.03.29"]
[EventType "swiss"]
[EventRounds "6"]
[EventCountry "COL"]
[SourceTitle "EXT 2024"]
[Source "ChessBase"]
[SourceDate "2023.10.10"]
[SourceVersion "1"]
[SourceVersionDate "2023.10.10"]
[SourceQuality "1"]

1. b3 e5 2. Bb2 Nc6 3. e3 d6 4. g3 Nf6 5. Bg2 Be7 6. Ne2 Be6 7. 0-0 Qd7 8. d4 Bh3 9. Nd2 h5 10. dxe5 dxe5 11. Nc4 Bxg2 12. Qxd7+ Nxd7 13. Kxg2 0-0-0 14. Rfd1 h4 15. a3 Rh7 16. b4 hxg3 17. hxg3 Rdh8 18. Rh1 Rxh1 19. Rxh1 Rxh1 20. Kxh1 a6 21. f4 exf4 22. exf4 Bf6 23. Bxf6 Nxf6 24. Ne3 Ne7 25. g4 Nfd5 26. Ng2 Nb6 27. Ne3 Nbd5 28. Nf1 Ng6 29. f5 Ne5 30. g5 Ne7 31. Nd4 Nc4 32. a4 Nb6 33. a5 Nbd5 34. c3 Nxc3 35. Ne3 Ncd5 36. Nxd5 Nxd5 37. Nc2 b6 38. axb6 cxb6 39. Kg2 a5 40. bxa5 bxa5 41. Kf3 Kd7 42. Ke4 Kd6 43. Na1 a4 44. Nc2 Nc3+ 45. Kd4 Nb5+ 46. Kc4 Kc6 47. Kb4 a3 48. Nxa3 Nxa3 49. Kxa3 Kd5 50. Kb3 Ke5 51. f6 g6 52. Kc3 Kf5 53. Kd4 Kxg5 54. Ke5 Kh6 55. Kf4 g5+ 0-1

[Event "Bogota sf2 U16"]
[Site "Bogota"]
[Date "2018.03.29"]
[Round "1.14"]
[White "Nino, Jesus Camilo"]
[Black "Lopez Ramirez, Daniel Giovanny"]
[Result "1/2-1/2"]
[WhiteElo "1397"]
[BlackElo "1529"]
[PlyCount "89"]
[EventDate "2018.03.29"]
[EventType "swiss"]
[EventRounds "6"]
[EventCountry "COL"]
[SourceTitle "EXT 2024"]
[Source "ChessBase"]
[SourceDate "2023.10.10"]
[SourceVersion "1"]
[SourceVersionDate "2023.10.10"]
[SourceQuality "1"]

1. e4 c5 2. Nf3 e6 3. d4 cxd4 4. Nxd4 Nf6 5. Nc3 Nc6 6. Ndb5 Bb4 7. a3 Bxc3+ 8. Nxc3 h6 9. Bc4 a6 10. 0-0 0-0 11. Be3 b5 12. Ba2 Bb7 13. f3 Qc7 14. Bc5 Rfe8 15. Qd6 Qxd6 16. Bxd6 Nd4 17. Rac1 Rec8 18. Rfd1 Rxc3 19. Rxd4 Rc6 20. e5 Nd5 21. Bxd5 exd5 22. Rxd5 Rxc2 23. Rxc2 Bxd5 24. Rc7 Bc6 25. Kf2 Kh7 26. f4 h5 27. f5 Re8 28. Kg3 g5 29. h4 Kh6 30. b4 Rg8 31. e6 gxh4+ 32. Kxh4 Rg4+ 33. Kh3 Bxg2+ 34. Kh2 dxe6 35. Bf8+ Kg5 36. Rxf7 Bd5 37. Be7+ Kf4 38. fxe6+ Ke5 39. Rh7 Kxe6 40. Bd8 Rg2+ 41. Kh3 Ra2 42. Ba5 Rxa3+ 43. Kh4 Bg2 44. Rxh5 Rh3+ 45. Kg4 1/2-1/2